01624cam a2200337 a 450000500170000000800410001702000150005804000330007304100080010604400070011408200160012110000410013724501180017825000220029626000760031830000970039450400820049165000250057365000590059865000490065765000550070665000500076170000350081170000370084670000400088370000370092394200150096099900150097595201700099095201260116020160630104054.0130816t 2004ck abdo rc 001 0 spa d a9588188067 ala cladCO-BoPUJdCO-BoIAVH0 aspa ack04a581.7bV42t1 aMahecha Vega, Gilberto Emilioeautor00aVegetación del territorio CAR,b450 especies de sus llanuras y montañascGilberto E. Mahecha Vega [y otros 4] aPrimera edición aBogotá : bCorporación Autónoma Regional de Cundinamarca,cc2004. axvii, 871 páginas : bilustraciones, mapas, tablas y fotografías a color ; c23 x 17 cm. aIncluye referencias bibliográficas: páginas 869-871, glosario e índice.16aFisiología vegetal26aVegetaciónxClasificaciónzCundinamarca (Colombia)24aTaxonomía vegetalzCundinamarca (Colombia)26aVegetaciónzCundinamarca (Colombia)vCatálogos26aPlantasvCatálogoszCundinamarca (Colombia)1 aOvalle-Escobar, Albertoeautor1 aCamelo-Salamanca, Dalilaeautora1 aRozo-Fernández, Alejandraeautora1 aBarrero-Barrero, Delfíneautor 2ddccLIBRO c5243d5243 00102ddc40708GENERALIINV2017aBogotabBogotad2006-08-23eInstitutog39000.00l0oLB-581.7 V42tp023242r2013-04-18 00:00:00tEj. 1w2012-12-04xDonacionyLIBRO 00102z40708GENERALaVillabVillad2008-11-14eCARl0oLB-04586p026573r2012-12-04 00:00:00tEj. 2w2012-12-04yLIBRO